La luna roja (recorte) /

Guardado en:
Autor Principal: Arlt Roberto
Formato: Libro
Publicado: : , 1992
Series:First N§ 74
Materias:
Fc
Etiquetas: Agregar Etiqueta
Sin Etiquetas, Sea el primero en etiquetar este registro!
LEADER 00448nam a22001815a 4500
001 CEM.cems009188
005 20060214000000.0
008 130507s1992##################000#0#####d
003 CEMS
082 0 4 |a FA860 
100 1 |a Arlt Roberto 
245 1 0 |a La luna roja (recorte) / 
260 |a  :  |b ,  |c 1992 
300 |a 5 p. 
490 0 |a First N§ 74 
653 |a Fc 
653 |a Literatura-cuentos 
859 |a CEMS  |b BIB. CEMS - 11 de abril  |h FA860  |i 27  |p 1423.44  |t Ej.1